Phương pháp tính giải phương trình vi phân

Trình bày sơ lược về bài toán Cauchy, và sự tồn tại duy nhất nghiệm của bài toán Cauchy. Trình bày phần lý thuyết về các phương pháp giải gần đúng phương trình vi phân thường. Giới thiệu phần mềm hỗ trợ dùng để giải phương trình vi phân thường và vẽ đồ thị hàm số so sánh kết quả thực nghiệm với kết...

Cur síos iomlán

Đã lưu trong:
Sonraí Bibleagrafaíochta
Príomhúdar: Nguyễn Đình Huy
Údair Eile: Trần Nhân Tâm Quyền (Hướng dẫn)
Formáid: Leabhar
Foilsithe: Đà Nẵng Đại học Sư phạm, Đại học Đà Nẵng 2012
Ábhair:
Clibeanna: Cuir Clib Leis
Gan Chlibeanna, Bí ar an gcéad duine leis an taifead seo a chlibeáil!
Thư viện lưu trữ: Mạng thư viện Đại học Đà Nẵng
LEADER 01906nam a2200337 4500
001 000017462
003 13880
005 20130418080443.0
008 130418s2012 sd
082 |a 515.35  |b NG-H 
100 1 |a Nguyễn Đình Huy 
245 |a Phương pháp tính giải phương trình vi phân  |c Nguyễn Đình Huy ; Trần Nhân Tâm Quyền hướng dẫn  |k Khóa luận tốt nghiệp 
260 |a Đà Nẵng  |b Đại học Sư phạm, Đại học Đà Nẵng  |c 2012 
300 |a 50 tr.  |c 29 cm.  |e Đĩa CD, bản tóm tắt 
500 |a Khóa luận tốt nghiệp đại học. Chuyên ngành: Cử nhân Toán tin 
504 |a Mục lục đầu trang, tài liệu tham khảo tr. 73 - 74, phụ lục [13 tr.] 
520 |a Trình bày sơ lược về bài toán Cauchy, và sự tồn tại duy nhất nghiệm của bài toán Cauchy. Trình bày phần lý thuyết về các phương pháp giải gần đúng phương trình vi phân thường. Giới thiệu phần mềm hỗ trợ dùng để giải phương trình vi phân thường và vẽ đồ thị hàm số so sánh kết quả thực nghiệm với kết quả chính xác - phần mềm Matlab. 
600 1 4 |b Vua  |c Đinh Tiên Hoàng 
650 0 4 |a Phương trình vi phân  |v Khóa luận tốt nghiệp  |x Phương pháp 
653 |a Phương trình vi phân  |a Khoa Toán 
700 |a Trần Nhân Tâm Quyền  |e Hướng dẫn 
OWN |a LSP 
AVA |a UDN50  |b LSP  |d 515.35 NG-H  |e available  |t Error 5001 Not defined in file expand_doc_bib_avail.  |f 1  |g 0  |h N  |i 0  |k 1 
999 |a From the UDN01 
AVA |a UDN50  |b LSP  |d 515.35 NG-H  |e available  |t Error 5001 Not defined in file expand_doc_bib_avail.  |f 1  |g 0  |h N  |i 0  |k 1 
TYP |a Monograph 
TYP |a Printed language 
980 |a Mạng thư viện Đại học Đà Nẵng